000 01393cam a2200277 i 4500
999 _c20009
_d20009
001 21166862
008 190828s2020 paua b 001 0 eng
010 _a 2019949237
020 _a9781437714173
020 _z9781437714173
_q(ebook)
040 _aDLC
_beng
_erda
_cDLC
050 0 0 _aRC691.6.U47
_bI57 2020
082 _223
_a616.130
100 _aPellerito John S.
245 0 0 _aIntroduction to vascular ultrasonography /
_cJohn S. Pellerito, MD, FACR, FSRU, FAIUM, Professor of Radiology, Department of Radiology, Zucker School of Medicine at Hofstra/Northwell, Hempstead, New York, Vice Chairman, Department of Radiology, Nothwelll Health System, Manhasseet, New York, Joseph F. Polak, MD, MPH, FACR, FAIUM, Professor of Radiology, Department of Radiology, Tufts University School of Medicine, Director, Ultrasound Reading Center, Boston, Massachusetts, Chief of Radiology, Department of Radiology, Lemuel Shattuck Hospital, Jamaica Plain, Massachusetts.
250 _a6th edition.
264 1 _aPhiladelphia, PA :
_bElsevier,
_c[2012]
300 _axviii, 684 pages :
_billustrations (some color) ;
_c27 cm
336 _atext
_btxt
_2rdacontent
500 _aInclude index
650 1 2 _aVascular Diseases
_xultrasonography.
650 2 2 _aBlood Vessels
_xultrasonography.
700 1 _aPellerito, John S.,
_eauthor.
700 1 _aPolak, Joseph F.,
_eauthor.
942 _2ddc
_cBK